Statistiques concernant 3 clubs, 1 joueur #3

Cliquez ici pour prendre le quiz!

Statistiques générales

  • Ce quiz a été pris 240 fois
  • Le résultat moyen est 8 sur 12

Statistiques - réponses

ClubsNationalitéjoueur% Correct
Metz, Liverpool, Bayern MunichSénégalaisSadio Mané
99%
Bayer Leverkusen, Bayern Munich, Real MadridAllemandToni Kroos
85%
Peñarol, La Corogne, Real MadridUruguayenFederico Valverde
83%
Villareal, Atlético Madrid, Manchester CityEspagnolRodri
76%
M'Gladbach, Chelsea, FC BarceloneDanoisAndreas Christensen
75%
FC Porto, AS Monaco, EvertonColombienJames Rodriguez
73%
Independiente Medellín, Fiorentina, JuventusColombienJuan Cuadrado
68%
Bayern Munich, Dortmund, Eintracht FrancfortAllemandMario Götze
61%
Riverplate, Real Madrid, JuventusArgentinGonzalo Higuain
53%
Boca Junior, Empoli, Paris Saint-GermainArgentinLeandro Paredes
53%
Fiorentina, Chelsea, FC BarceloneEspagnolMarcos Alonso
22%
Sporting Portugal, Cercle Bruges KSV, Real BetisAngolaisWilliam Carvalho
7%

Distribution des résultats

Percentile par nombre de réponses

% des personnes avec chaque résultat

Votre développement - résultats

Vous n’avez pas pris ce quiz